[Event "Mar del Plata op 53rd"]
[Site "Mar del Plata"]
[Date "2024.03.23"]
[Round "1"]
[White "Miranda Romo, Daniel"]
[Black "Valerga, Diego"]
[Result "0-1"]
[WhiteElo "1848"]
[BlackElo "2442"]
[PlyCount "60"]
[EventDate "2024.03.23"]
[EventType "swiss"]
[EventRounds "9"]
[EventCountry "ARG"]
[SourceTitle "CB14_2024"]
[SourceDate "2024.04.01"]
[SourceVersion "1"]
[SourceVersionDate "2024.04.01"]
[SourceQuality "1"]

1. d4 d5 2. Nf3 Nf6 3. Bf4 c5 4. c3 e6 5. e3 Nc6 6. Be2 Bd6 7. Ne5 Qc7 8. Bb5 0-0 9. Bxc6 bxc6 10. 0-0 cxd4 11. cxd4 c5 12. Nc3 Ba6 13. Re1 cxd4 14. Qxd4 Nh5 15. Rac1 Rac8 16. g4 Nxf4 17. exf4 Qb7 18. b3 Qb4 19. Red1 Qxd4 20. Rxd4 g5 21. Nd7 Bxf4 22. Rxf4 gxf4 23. Nxf8 Kxf8 24. Ne2 Rxc1+ 25. Nxc1 d4 26. b4 Bc4 27. Nb3 Bxb3 28. axb3 f3 29. Kf1 e5 30. Ke1 e4 0-1

[Event "Mar del Plata op 50th"]
[Site "Mar del Plata"]
[Date "2019.04.13"]
[Round "1"]
[White "Miranda Romo, Daniel"]
[Black "Hungaski, Robert Andrew"]
[Result "0-1"]
[WhiteElo "1814"]
[BlackElo "2505"]
[PlyCount "58"]
[EventDate "2019.04.13"]
[EventType "swiss"]
[EventRounds "9"]
[EventCountry "ARG"]
[SourceTitle "CBM 190 Extra"]
[Source "ChessBase"]
[SourceDate "2019.07.15"]
[SourceVersion "1"]
[SourceVersionDate "2019.07.15"]
[SourceQuality "1"]

1. c4 e5 2. g3 Nc6 3. Bg2 f5 4. Nc3 Nf6 5. d3 Bb4 6. a3 Bxc3+ 7. bxc3 0-0 8. e4 fxe4 9. dxe4 d6 10. Ne2 Be6 11. Qa4 Nd7 12. Be3 Nb6 13. Qc2 Nxc4 14. Bc1 Qd7 15. 0-0 Bh3 16. Rb1 Bxg2 17. Kxg2 N6a5 18. Qd3 Qc6 19. Rb4 b5 20. f4 Nb7 21. Qd5+ Qxd5 22. exd5 a6 23. a4 Nb6 24. axb5 a5 25. Rb1 Nxd5 26. Bd2 Nb6 27. Rbd1 a4 28. fxe5 Rxf1 29. Kxf1 dxe5 0-1

[Event "Mar del Plata op 49th"]
[Site "Mar del Plata"]
[Date "2018.03.24"]
[Round "1"]
[White "Miranda Romo, Daniel"]
[Black "Rodriguez Vila, Andres"]
[Result "0-1"]
[WhiteElo "1870"]
[BlackElo "2473"]
[PlyCount "56"]
[EventDate "2018.03.24"]
[EventType "swiss"]
[EventRounds "9"]
[EventCountry "ARG"]
[SourceTitle "EXT 2019"]
[Source "ChessBase"]
[SourceDate "2018.10.10"]
[SourceVersion "1"]
[SourceVersionDate "2018.10.10"]
[SourceQuality "1"]

1. c4 e5 2. Nc3 Nc6 3. d3 g6 4. g3 Bg7 5. Bg2 d6 6. e4 Be6 7. Nge2 h5 8. Be3 h4 9. Qd2 h3 10. Bf1 Bg4 11. 0-0-0 Bf3 12. Rg1 Qd7 13. Kb1 Nf6 14. Rc1 Ng4 15. Nd5 Nxh2 16. Nec3 Nxf1 17. Rgxf1 f6 18. c5 h2 19. Rh1 dxc5 20. Bxc5 0-0-0 21. Qe3 Bxh1 22. Rxh1 Qh3 23. Ne7+ Nxe7 24. Bxe7 Qg2 25. Qe1 Rd7 26. Nd5 c6 27. Bxf6 cxd5 28. Bxg7 Rxg7 0-1